000 00255nam a22001217a 4500
020 _a817167694
082 _a823
_bRAM
100 _aK.P. Ramanunni
_9914
245 _aWhat the Sufi Said
260 _aNEW DELHI
_bRupa
_c2002
300 _a174
942 _cBK
999 _c35912
_d35912